000 00382nam a22001337a 4500
008 230606b xxu||||| |||| 00| 0 eng d
020 _a996676707X
082 _a339.4119
245 _aKenya Integrated Household Budget Survey (KIHBS) 2005/06
_bBasic Report
260 _aNairobi,Kenya
_bCentral Bureau of Statistics
_cJanuary,2007
300 _aX,323p
440 _v1
942 _2ddc
_cBK
999 _c557
_d557